|
|
|
|
| LEADER |
00000naa2a2200000 4500 |
| 001 |
199759 |
| 005 |
20231031184428.0 |
| 035 |
|
|
|a (RuTPU)RU\TPU\book\217797
|
| 090 |
|
|
|a 199759
|
| 100 |
|
|
|a 20110824d2009 k y0rusy50 ca
|
| 101 |
0 |
|
|a rus
|
| 102 |
|
|
|a RU
|
| 200 |
1 |
|
|a Исследование когерентного излучения Вавилова-Черенкова в миллиметровом диапазоне длин волн
|f М. В. Шевелев, Г. А. Науменко, Ю. А. Попов
|g науч. рук. Ю. А. Науменко
|
| 320 |
|
|
|a Библиогр.: 2 назв.
|
| 461 |
|
1 |
|0 (RuTPU)RU\TPU\book\209177
|y 978-5-98298-544-6
|t Перспективы развития фундаментальных наук
|o труды VI Международной конференции студентов и молодых ученых, Томск, 26 - 29 мая 2009 г.
|o в 2 т.
|f Томский политехнический университет (ТПУ) ; под ред. Г. А. Вороновой
|d 2009
|
| 463 |
|
0 |
|0 (RuTPU)RU\TPU\book\208765
|y 978-5-98298-546-0
|t Т. 1
|v С. 278-280
|d 2009
|p 542 с.
|
| 610 |
1 |
|
|a излучение Вавилова-Черенкова
|
| 610 |
1 |
|
|a когерентное излучение
|
| 610 |
1 |
|
|a излучения
|
| 610 |
1 |
|
|a диапазоны
|
| 610 |
1 |
|
|a длина волны
|
| 610 |
1 |
|
|a экспериментальные установки
|
| 610 |
1 |
|
|a схемы
|
| 610 |
1 |
|
|a зависимости
|
| 610 |
1 |
|
|a труды учёных ТПУ
|
| 700 |
|
1 |
|a Шевелев
|b М. В.
|c специалист в области ядерной физики
|c инженер Томского политехнического университета
|g Михаил Викторович
|2 stltpush
|3 (RuTPU)RU\TPU\pers\28692
|
| 701 |
|
1 |
|a Науменко
|b Г. А.
|c физик
|c ведущий научный сотрудник Томского политехнического университета
|f 1947-
|g Геннадий Андреевич
|2 stltpush
|3 (RuTPU)RU\TPU\pers\26566
|
| 701 |
|
1 |
|a Попов
|b Ю. А.
|
| 702 |
|
1 |
|a Науменко
|b Ю. А.
|4 727
|
| 801 |
|
1 |
|a RU
|b 63413507
|c 20110824
|
| 801 |
|
2 |
|a RU
|b 63413507
|c 20160209
|g RCR
|
| 942 |
|
|
|c BK
|